| 000 | 00668nam a22001817a 4500 | ||
|---|---|---|---|
| 999 |
_c182073 _d182073 |
||
| 005 | 20221017142334.0 | ||
| 010 | _aB-745985 | ||
| 020 |
_a9788193966976 _c350.00 |
||
| 037 | _bOak Bridge | ||
| 082 | _a342.54 | ||
| 245 |
_aIndian Constitution political system and rights issues: _bfor civil services preliminary examination / _cbyOakBridge |
||
| 260 |
_aHaryana _bOakBridge publishing pvt. Ltd _c2019 |
||
| 270 |
_aM 35, Ist Floor, Old DLF Gurugram _bHaryana _e122001 |
||
| 300 |
_a351p _c23cm(pbk) |
||
| 500 | _aGeneral Studies Series Part 3 | ||
| 942 |
_2ddc _cEN _mIND _h342.54 |
||